=LDR 00000nam 2200000 4500 =001 INLIS000000000032641 =005 20130612134636 =008 ***********************************ind** =035 ##$$0010-061300000032641 =041 ##$$a ind =082 ##$$a 028.5 =090 ##$$a 028.5, Sas c =100 ##$$a Sasongko, Setiawan G =245 ##$$a Cucumber (Mentimun), Setiawan G Sasongko:Penerjemah;Diaznarrendra.P =260 ##$$a 2008 $b Jakarta =300 ##$$a 22 hlm, ilus., 19 cm =650 ##$$a Bacaan-Anak =700 ##$$a Diaznarrendra =850 ##$$a NBPNMAT